Word scale : Foot to Rugby - Statistiques

Statistiques générales
  • Ce quiz a été pris 15 fois
  • Le résultat moyen est 4 sur 10
Statistiques - réponses
Hint Réponse % Correct
A team sport played with a roud ball Foot
100%
A team sport played with an oval ball (+1letter) Rugby
100%
A red gemstone Ruby
50%
A stone Rock
36%
Stolen goods or money Loot
29%
A bird or chess piece Rook
29%
A written work Book
21%
To direct one's gaze in a specified direction Look
21%
A frame for holding things Rack
14%
Lively or slightly improper Racy
14%
Aucun quiz correspondant
Distribution des résultats
% des personnes avec chaque résultat
Percentile par nombre de réponses
Votre historique - résultats
Vous n’avez pas pris ce quiz